| 000 | 00798nam a2200289 a 4500 | ||
|---|---|---|---|
| 003 | DO-SdBNP | ||
| 005 | 20250108125309.0 | ||
| 007 | ta | ||
| 008 | 250108e2011 sp ||||er|||| 000 fdspa d | ||
| 020 | _a9945000063 | ||
| 040 |
_aDO-SdBNP _bspa _cBNPHU _erda |
||
| 041 | _hspa | ||
| 082 | 4 |
_a863.44 _bH557p _222 |
|
| 100 | 1 |
_aHernández, Rita Indiana, _d1977- _eautor _97082 |
|
| 245 | 1 | 0 |
_aPapi / _bRita Indiana Hernández |
| 250 | _a3a.edición | ||
| 264 |
_aSantiago : _bPremium, _c2011 |
||
| 300 |
_a184 páginas. ; _c21 cm. |
||
| 336 |
_ardacontent _btexto _2txt |
||
| 337 |
_ardamedia _bsin mediación _2n |
||
| 338 |
_ardacarrier _bvolumen _2nc |
||
| 590 | _aInventariado 2025 / DG | ||
| 650 | 4 |
_aLiteratura _980984 |
|
| 650 | 0 |
_aNovela dominicana _9223 |
|
| 910 | _aDG | ||
| 942 |
_2ddc _cLBS1 |
||
| 999 |
_c58003 _d58003 |
||